00872 2200277 4500001002100000005001700021008004100038020002200079035002400101040001200125041000800137082001400145084001200159090001600171245011000187250001100297260003700308300003800345500009400383504002500477650002100502700002100523700001600544850001200560990002200572INLIS00000000002760220170620144024.0  a978-602-74934-3-8 0010-051700000000312 aYOPDYOG0 aeng042[23]a372 a372 Val aDEP 372 Val1 aVALUES-based learning for wonderful childrenc/ Diane G. Tillman...[et.al]; editor, Istiningsih...[et.al] aCet. 12 aYogyakartabLiterasi Mediac2016 aviii, 232 hlm.b: ilus.c; 20 cm. aditerbitkan atas kerjasama Literasi Media dengan Prodi PGMI UIN Sunan Kalijaga Yogyakarta aTermasuk bibliografi 4aPendidikan dasar0 aDiane G. Tillman0 aIstiningsih aYOPDYOG aCB-D.11/2016-1978